008540000a22002410004500003001100000005001700011008004100028040003900069041000800108082001800116110004500134245010000179260001900279300001500298490002000313500007100333650001900404650002800423700004600451942000700497952009300504999001500597LK-CoMWRAF20240315111255.0230817t1987 ||||| |||| 00| 0 eng d aLK-CoMWRAFdLK-CoMWRAFeLK-CoMWRAF aeng a348.5493bSRI aSri Lanka, Democratic Socialist Republic a1985 supplement (unofficial) to the revised edition of the legislative enactments of Sri Lanka  aColombo:c1987 a207-251 p. avol.I vpart 13 aMines & minerals, SGC, Customs, Inland revenue, BTT, TPT and stamp aLAW-Sri Lanka  aCivil law and procedure a Deheragoda, E. R. K. D. M. Hectorecomp. cBK 00104070aMAINbMAINd2023-08-17l0o348.5493 SRIpRAF5171r2023-08-17w2023-08-17yBK c2775d2775